[Event "XIII Torneo Leonardo di Bona Magistrale"]
[Site "Cutro ITA"]
[Date "2007.04.25"]
[Round "3"]
[White "Marholev, Dimitar"]
[Black "Ferro, Mario"]
[Result "0-1"]
[WhiteElo "2375"]
[BlackElo "2235"]
[PlyCount "100"]
[EventDate "2007.04.23"]

1. e4 c5 2. Nf3 a6 3. c4 d6 4. d4 cxd4 5. Nxd4 Nc6 6. Be2 g6 7. Be3 Bg7 8. Nc3
Nf6 9. O-O O-O 10. Nc2 Bd7 11. f4 Rb8 12. a4 b6 13. Rc1 a5 14. Bf3 Be8 15. Na3
Rc8 16. Qe2 Nd7 17. Rfd1 f5 18. exf5 gxf5 19. Nab5 Nc5 20. Re1 e5 21. Bd5+ Kh8
22. Rcd1 Qe7 23. Bxc6 Rxc6 24. Nd5 Qb7 25. Bxc5 dxc5 26. fxe5 Re6 27. Qf3 Rxe5
28. Rxe5 Bxe5 29. b3 Bc6 30. Re1 Qg7 31. Kh1 Rg8 32. g3 f4 33. gxf4 Bxf4 34.
Qe2 Qg5 35. Nbc3 Be3 36. Qf1 Bd4 37. Ne4 Bxd5 38. cxd5 Qxd5 39. Qf3 Re8 40. Re2
Bg7 41. Kg2 c4 42. bxc4 Qxc4 43. Ng3 Qxa4 44. Rd2 Qb5 45. Qb7 a4 46. Kh3 a3 47.
Rd7 Qe5 48. Qa7 Qe6+ 49. Kg2 Qc6+ 50. Kh3 Ra8 0-1

[Event "XIII Torneo Leonardo di Bona Magistrale"]
[Site "Cutro ITA"]
[Date "2007.04.25"]
[Round "3"]
[White "Roeder, Matthias"]
[Black "Kasparov, Sergey"]
[Result "1/2-1/2"]
[WhiteElo "2453"]
[BlackElo "2536"]
[PlyCount "38"]
[EventDate "2007.04.23"]

1. Nf3 Nf6 2. c4 c5 3. g3 b6 4. Bg2 Bb7 5. Nc3 e6 6. O-O d6 7. d4 cxd4 8. Qxd4
a6 9. b3 Nbd7 10. Bb2 Be7 11. Rfd1 O-O 12. Qe3 Qc7 13. h3 Rfe8 14. Nd4 Bf8 15.
Bxb7 Qxb7 16. Qf3 Qxf3 17. exf3 Rec8 18. f4 Rab8 19. Kg2 h5 1/2-1/2

[Event "XIII Torneo Leonardo di Bona Magistrale"]
[Site "Cutro ITA"]
[Date "2007.04.25"]
[Round "3"]
[White "Rotstein, Arkadij"]
[Black "Djuric, Stefan"]
[Result "1/2-1/2"]
[WhiteElo "2537"]
[BlackElo "2460"]
[PlyCount "133"]
[EventDate "2007.04.23"]

1. Nf3 c5 2. c4 Nc6 3. d4 cxd4 4. Nxd4 g6 5. e4 Bg7 6. Be3 Nf6 7. Nc3 d6 8. Be2
O-O 9. Qd2 Bd7 10. f3 Rc8 11. Rc1 Ne5 12. b3 a6 13. O-O Be8 14. Rfd1 Ned7 15.
Bf1 h5 16. h3 Nh7 17. Qf2 Kh8 18. Kh1 e6 19. Qd2 Qe7 20. Nde2 Rc6 21. Bf4 Ne5
22. Bh2 Rg8 23. f4 Nd7 24. Nd4 Rc8 25. Nf3 Nc5 26. b4 Na4 27. Nxa4 Bxa4 28.
Qxd6 Bf8 29. Qxe7 Bxe7 30. Rd4 Bxb4 31. c5 Ba3 32. Rb1 Be8 33. Bg1 Bxc5 34. Rc4
b6 35. Rxb6 Bxb6 36. Rxc8 Bxg1 37. Kxg1 Nf6 38. Ng5 a5 39. Bc4 Nh7 40. Nf3 Nf6
41. e5 Nh7 42. Rc7 Rf8 43. Kf2 Kg8 44. Ra7 Bc6 45. Nd4 Be4 46. Rxa5 Rd8 47. Nb5
Bd5 48. Bxd5 Rxd5 49. Ra8+ Kg7 50. Nd6 g5 51. g3 h4 52. gxh4 gxf4 53. Ra7 Kg6
54. Nxf7 Nf8 55. Nh8+ Kf5 56. Rf7+ Ke4 57. Rxf8 Rd2+ 58. Ke1 Rxa2 59. Ng6 Ke3
60. Kd1 f3 61. h5 f2 62. h6 Rd2+ 63. Kc1 Rd7 64. Rxf2 Kxf2 65. Nf8 Rf7 66. Nxe6
Rh7 67. Ng7 1/2-1/2

[Event "XIII Torneo Leonardo di Bona Magistrale"]
[Site "Cutro ITA"]
[Date "2007.04.25"]
[Round "3"]
[White "Van Hoolandt, Patrick"]
[Black "Sriram, Jha"]
[Result "0-1"]
[WhiteElo "2205"]
[BlackElo "2425"]
[PlyCount "71"]
[EventDate "2007.04.23"]

1. d4 d5 2. c4 e6 3. Nf3 c6 4. Qc2 Nf6 5. Bg5 h6 6. Bxf6 Qxf6 7. e3 Nd7 8. Nc3
g6 9. cxd5 exd5 10. Bd3 Bg7 11. O-O O-O 12. b4 Nb6 13. a4 Be6 14. a5 Nd7 15.
Ra3 Rfc8 16. Ne2 Bg4 17. Nd2 Qe7 18. Rb1 Bxe2 19. Bxe2 Bxd4 20. Ba6 bxa6 21.
exd4 Rab8 22. Re3 Qd6 23. Reb3 Re8 24. Nf3 Rb5 25. Qd2 Kg7 26. Ne1 Re4 27. Rh3
h5 28. Nc2 Nf6 29. f3 Re6 30. g4 Qe7 31. Kf2 Rb8 32. Ne3 Rh8 33. Rg1 Kf8 34.
Rgg3 Rg8 35. g5 Ne8 36. f4 0-1

[Event "XIII Torneo Leonardo di Bona Magistrale"]
[Site "Cutro ITA"]
[Date "2007.04.26"]
[Round "4"]
[White "Abatino, Maurizio"]
[Black "Marholev, Dimitar"]
[Result "0-1"]
[WhiteElo "2192"]
[BlackElo "2375"]
[PlyCount "98"]
[EventDate "2007.04.23"]

1. d4 Nf6 2. c4 g6 3. Nc3 Bg7 4. e4 d6 5. Be2 O-O 6. Bg5 c5 7. d5 h6 8. Be3 e6
9. h3 exd5 10. exd5 Na6 11. Nf3 Nc7 12. Qd2 Kh7 13. O-O a6 14. a4 Rb8 15. Rab1
Bf5 16. Bd3 Qd7 17. Bxf5 Qxf5 18. b4 Nd7 19. bxc5 Nxc5 20. a5 Ne8 21. Nd4 Qc8
22. Rfc1 f5 23. f3 Nf6 24. Nce2 Nh5 25. Nb3 Re8 26. Bf2 Qc7 27. Ned4 Nxb3 28.
Rxb3 Bxd4 29. Bxd4 f4 30. Bf2 Ng3 31. Bxg3 fxg3 32. c5 dxc5 33. d6 Qd7 34. Rd3
Rbc8 35. Qf4 Re6 36. Qxg3 Rc6 37. Rdc3 Rexd6 38. Qf4 Rd4 39. Qf8 Rd1+ 40. Rxd1
Qxd1+ 41. Kh2 Qd7 42. Rc4 Rc8 43. Qf6 Qg7 44. Qe6 Rc6 45. Qd5 Qc7+ 46. Kh1 b5
47. axb6 Rxb6 48. f4 Rb1+ 49. Kh2 Rb4 0-1

[Event "XIII Torneo Leonardo di Bona Magistrale"]
[Site "Cutro ITA"]
[Date "2007.04.26"]
[Round "4"]
[White "Blasco, Domenico"]
[Black "Van Hoolandt, Patrick"]
[Result "0-1"]
[WhiteElo "1991"]
[BlackElo "2205"]
[PlyCount "110"]
[EventDate "2007.04.23"]

1. d4 Nf6 2. Bf4 c5 3. e3 Qb6 4. Nc3 d6 5. a3 Bd7 6. Rb1 e6 7. Nf3 Be7 8. Be2
O-O 9. O-O cxd4 10. exd4 Bc6 11. h3 Rd8 12. Be3 Qc7 13. Nb5 Qd7 14. c4 Rc8 15.
Nc3 Bxf3 16. gxf3 Nc6 17. f4 d5 18. c5 Ne4 19. Bb5 f5 20. Rc1 g6 21. Kh2 Kh8
22. Re1 Bh4 23. Qf3 Qc7 24. Bxc6 bxc6 25. Kh1 Bf6 26. Qd1 Rcb8 27. Rc2 Rb3 28.
Bc1 Bh4 29. Kg2 Rab8 30. Re3 Bf6 31. f3 Nxc3 32. bxc3 Rb1 33. Rxe6 Kg7 34. Qe2
R1b7 35. Qe3 a5 36. Re2 a4 37. Re8 Qf7 38. Rxb8 Rxb8 39. Qe6 Rb1 40. Qxf7+ Kxf7
41. Rc2 Ke6 42. Kf2 Bd8 43. Ke2 Bc7 44. Kd3 Rb3 45. Rb2 Rxb2 46. Bxb2 Bxf4 47.
c4 Bg5 48. Kc3 h5 49. Kb4 Bd2+ 50. Bc3 Bxc3+ 51. Kxc3 g5 52. f4 g4 53. hxg4
hxg4 54. Kd3 dxc4+ 55. Kxc4 g3 0-1

[Event "XIII Torneo Leonardo di Bona Magistrale"]
[Site "Cutro ITA"]
[Date "2007.04.26"]
[Round "4"]
[White "Djuric, Stefan"]
[Black "Blagojevic, Dragisa"]
[Result "1/2-1/2"]
[WhiteElo "2460"]
[BlackElo "2529"]
[PlyCount "26"]
[EventDate "2007.04.23"]

1. e4 e5 2. Nf3 Nc6 3. Bb5 a6 4. Ba4 Nf6 5. O-O Be7 6. Re1 b5 7. Bb3 d6 8. c3
O-O 9. h3 Nd7 10. d4 Bf6 11. Be3 Bb7 12. Nbd2 exd4 13. cxd4 Nb4 1/2-1/2

[Event "XIII Torneo Leonardo di Bona Magistrale"]
[Site "Cutro ITA"]
[Date "2007.04.26"]
[Round "4"]
[White "Drasko, Milan"]
[Black "Bentivegna, Francesco"]
[Result "1-0"]
[WhiteElo "2543"]
[BlackElo "2287"]
[PlyCount "59"]
[EventDate "2007.04.23"]

1. d4 Nf6 2. c4 e6 3. Nc3 Bb4 4. Qc2 O-O 5. a3 Bxc3+ 6. Qxc3 Ne4 7. Qc2 d5 8.
Nf3 Nc6 9. e3 a5 10. b3 f5 11. g3 Bd7 12. Bg2 Qe8 13. O-O Rf6 14. Bb2 Qh5 15.
Rfc1 Raf8 16. Qd1 Be8 17. Ne5 Qh6 18. Qe1 g5 19. cxd5 exd5 20. f3 Nd6 21. Rc5
Qg7 22. Rxd5 Nd8 23. Rxa5 b6 24. Ra8 Qe7 25. d5 Rh6 26. Qc3 Nb5 27. Qd3 c5 28.
dxc6 Nxc6 29. Qxb5 Nxe5 30. Qxe5 1-0

[Event "XIII Torneo Leonardo di Bona Magistrale"]
[Site "Cutro ITA"]
[Date "2007.04.26"]
[Round "4"]
[White "Ferro, Mario"]
[Black "Roeder, Matthias"]
[Result "1/2-1/2"]
[WhiteElo "2235"]
[BlackElo "2453"]
[PlyCount "30"]
[EventDate "2007.04.23"]

1. d4 Nf6 2. c4 e6 3. Nf3 b6 4. g3 Bb4+ 5. Bd2 Bxd2+ 6. Qxd2 Ba6 7. b3 c6 8.
Bg2 d5 9. Qf4 O-O 10. Nbd2 Nbd7 11. e4 Nxe4 12. Nxe4 dxe4 13. Qxe4 b5 14. O-O
bxc4 15. Qe2 Nb6 1/2-1/2

[Event "XIII Torneo Leonardo di Bona Magistrale"]
[Site "Cutro ITA"]
[Date "2007.04.26"]
[Round "4"]
[White "Kasparov, Sergey"]
[Black "Agrest, Svetlana"]
[Result "1/2-1/2"]
[WhiteElo "2536"]
[BlackElo "2257"]
[PlyCount "138"]
[EventDate "2007.04.23"]

1. e4 e5 2. Nf3 Nc6 3. Bb5 f5 4. d3 fxe4 5. dxe4 Nf6 6. O-O Bc5 7. Bxc6 bxc6 8.
Nxe5 O-O 9. Bg5 Qe8 10. Bxf6 Rxf6 11. Nd3 Bb6 12. Nd2 d6 13. Qe2 Qg6 14. Kh1
Bg4 15. f3 Bd7 16. Nc4 Qh5 17. Nxb6 axb6 18. a3 Rh6 19. g4 Qg5 20. Rf2 Rf8 21.
Rg1 c5 22. Ne1 Bc6 23. c4 Qe5 24. Rgg2 Re6 25. Qd3 Bb7 26. a4 d5 27. cxd5 Bxd5
28. exd5 Qxe1+ 29. Rf1 Qe3 30. Qc4 Rd6 31. Re2 Qg5 32. Kg2 Qxd5 33. Qxd5+ Rxd5
34. Ra1 Rd3 35. Rf2 Ra8 36. Re2 Rf8 37. Rf1 Ra8 38. Re7 Rxa4 39. Rxc7 Rd2+ 40.
Kg3 Rad4 41. Re1 Rd7 42. Re8+ Kf7 43. Rxd7+ Rxd7 44. Rb8 Rd6 45. Rb7+ Kf6 46.
h4 h6 47. h5 g5 48. hxg6 Kxg6 49. Kh4 Rf6 50. Kg3 Rd6 51. f4 Rd3+ 52. Kh4 Rb3
53. f5+ Kf6 54. Rh7 Rxb2 55. Rxh6+ Ke5 56. Kg5 c4 57. Rc6 Kd5 58. Rc8 b5 59. f6
Rf2 60. Rb8 Kc5 61. Rc8+ Kd4 62. Rd8+ Kc3 63. Rd5 b4 64. Rf5 Rxf5+ 65. gxf5 b3
66. f7 b2 67. f8=Q b1=Q 68. f6 Qg1+ 69. Kh6 Qe3+ 1/2-1/2

[Event "XIII Torneo Leonardo di Bona Magistrale"]
[Site "Cutro ITA"]
[Date "2007.04.26"]
[Round "4"]
[White "Naumkin, Igor"]
[Black "Krivoshey, Sergei"]
[Result "1/2-1/2"]
[WhiteElo "2497"]
[BlackElo "2475"]
[PlyCount "34"]
[EventDate "2007.04.23"]

1. d4 Nf6 2. c4 e6 3. Nf3 c5 4. d5 b5 5. Bg5 exd5 6. cxd5 d6 7. e4 a6 8. a4 Be7
9. Bxf6 Bxf6 10. Qc2 b4 11. Nbd2 Bg4 12. Be2 Bxf3 13. Bxf3 Nd7 14. O-O O-O 15.
Be2 a5 16. f4 Nb6 17. Nc4 Nxc4 1/2-1/2

[Event "XIII Torneo Leonardo di Bona Magistrale"]
[Site "Cutro ITA"]
[Date "2007.04.26"]
[Round "4"]
[White "Sriram, Jha"]
[Black "Rotstein, Arkadij"]
[Result "1/2-1/2"]
[WhiteElo "2425"]
[BlackElo "2537"]
[PlyCount "110"]
[EventDate "2007.04.23"]

1. d4 f5 2. g3 Nf6 3. Bg2 e6 4. c4 Be7 5. Nc3 O-O 6. e4 Nxe4 7. Nxe4 fxe4 8.
Bxe4 d5 9. Bg2 dxc4 10. Nf3 Nc6 11. O-O Bf6 12. Be3 e5 13. dxe5 Nxe5 14. Nxe5
Bxe5 15. Bd5+ Kh8 16. Bc5 Re8 17. Bf7 Bh3 18. Re1 Qxd1 19. Raxd1 Red8 20. Bxc4
Bxb2 21. Rb1 Bc3 22. Re3 Bf6 23. Be7 Rd2 24. Bxf6 gxf6 25. g4 Rd4 26. Be6 Bxg4
27. Rxb7 f5 28. Rxc7 f4 29. Re1 Re8 30. Rc8 Rxc8 31. Bxc8 Bf3 32. Bb7 Bxb7 33.
Re8+ Kg7 34. Re7+ Kg6 35. Rxb7 Ra4 36. Rb2 Kf5 37. Kg2 Ra3 38. Rb7 h5 39. Rf7+
Kg4 40. Rg7+ Kh4 41. Rf7 Kg5 42. Rg7+ Kf6 43. Rg8 Rxa2 44. h4 Ra5 45. Kf3 Ra3+
46. Kg2 Ra5 47. Kf3 Rc5 48. Ra8 a5 49. Kxf4 Rc4+ 50. Kg3 Rc5 51. Kf4 Ke6 52.
Ke4 Rc4+ 53. Kf3 a4 54. Kg3 Rg4+ 55. Kh3 Rf4 1/2-1/2

[Event "XIII Torneo Leonardo di Bona Magistrale"]
[Site "Cutro ITA"]
[Date "2007.04.26"]
[Round "4"]
[White "Vijayalakshmi, Subbaraman"]
[Black "Agrest, Evgenij"]
[Result "1-0"]
[WhiteElo "2425"]
[BlackElo "2561"]
[PlyCount "155"]
[EventDate "2007.04.23"]

1. d4 Nf6 2. c4 e6 3. Nc3 Bb4 4. Qc2 d6 5. Bg5 Nbd7 6. e3 c5 7. Bd3 Qa5 8. Nge2
d5 9. Bxf6 Nxf6 10. cxd5 cxd4 11. Nxd4 Bxc3+ 12. bxc3 Qxd5 13. O-O O-O 14. c4
Qc5 15. Rab1 e5 16. Nb3 Qc7 17. c5 Be6 18. Nd2 h6 19. Ne4 Nd7 20. Rfc1 Kh8 21.
h3 Rad8 22. Rb2 Bf5 23. Qb1 Nf6 24. Bc2 Bxe4 25. Bxe4 Nxe4 26. Qxe4 Rd7 27.
Rcb1 Qxc5 28. Rxb7 Rxb7 29. Rxb7 Kg8 30. Qa4 Qc3 31. Kh2 Qd2 32. Kg3 Qd6 33.
Qd7 Qg6+ 34. Kh2 Qc2 35. Rxa7 Qxf2 36. Qd3 h5 37. Qe4 Qf6 38. a4 h4 39. a5 Qg5
40. Kg1 Qg3 41. Kf1 f5 42. Qd5+ Kh7 43. Qf3 Qg5 44. a6 Rc8 45. Rxg7+ Kxg7 46.
Qb7+ Kg6 47. Qxc8 Qxe3 48. Qe8+ Kf6 49. Qd8+ Ke6 50. Qxh4 e4 51. Qe1 Qa3 52.
Qe2 Ke7 53. Kf2 Qa4 54. h4 f4 55. Qb2 e3+ 56. Kf3 Qxa6 57. Qg7+ Ke8 58. Qg8+
Ke7 59. Qg7+ Ke8 60. Kxf4 Qe6 61. Qh8+ Kf7 62. Qh5+ Kg7 63. Qe2 Qf6+ 64. Kxe3
Qxh4 65. Qb2+ Kh7 66. Qb7+ Kh6 67. Qc6+ Kh5 68. Qe8+ Kh6 69. Qh8+ Kg5 70. Qxh4+
Kxh4 71. Kf4 Kh5 72. Kf5 Kh6 73. g3 Kg7 74. Kg5 Kh7 75. Kf6 Kh6 76. g4 Kh7 77.
g5 Kg8 78. Kg6 1-0

[Event "XIII Torneo Leonardo di Bona Magistrale"]
[Site "Cutro ITA"]
[Date "2007.04.27"]
[Round "5"]
[White "Blagojevic, Dragisa"]
[Black "Sriram, Jha"]
[Result "1/2-1/2"]
[WhiteElo "2529"]
[BlackElo "2425"]
[PlyCount "37"]
[EventDate "2007.04.23"]

1. d4 d5 2. c4 c6 3. Nc3 Nf6 4. e3 a6 5. Qc2 b5 6. b3 Bg4 7. Nge2 Nbd7 8. h3
Bh5 9. Nf4 Bg6 10. Nxg6 hxg6 11. Bb2 e6 12. Bd3 Be7 13. O-O Rc8 14. e4 dxc4 15.
bxc4 e5 16. Ne2 exd4 17. Bxd4 Bc5 18. Rad1 Qc7 19. Qb2 1/2-1/2

[Event "XIII Torneo Leonardo di Bona Magistrale"]
[Site "Cutro ITA"]
[Date "2007.04.27"]
[Round "5"]
[White "Cordi', Domenico"]
[Black "Kasparova, Tatiana"]
[Result "0-1"]
[WhiteElo "2084"]
[BlackElo "2218"]
[PlyCount "64"]
[EventDate "2007.04.23"]

1. d4 Nf6 2. Nf3 c5 3. d5 d6 4. c4 b5 5. cxb5 a6 6. e3 g6 7. Nc3 Bg7 8. e4 O-O
9. Bd2 axb5 10. Bxb5 Qb6 11. Qe2 Ba6 12. a4 Ne8 13. Bxa6 Nxa6 14. O-O Nec7 15.
Rfb1 Nb4 16. Bf4 Qa6 17. Qd2 Rfb8 18. Rd1 Qc4 19. e5 Ne8 20. Ra3 Nd3 21. Qxd3
Qxf4 22. exd6 Nxd6 23. Ra2 Rb3 24. Re1 Bf6 25. Nd2 Rb4 26. Nde4 Nxe4 27. Nxe4
Bd4 28. b3 Qe5 29. Qf3 f5 30. Rae2 fxe4 31. Rxe4 Qxd5 32. Qg4 e5 0-1

[Event "XIII Torneo Leonardo di Bona Magistrale"]
[Site "Cutro ITA"]
[Date "2007.04.27"]
[Round "5"]
[White "Krivoshey, Sergei"]
[Black "Ferro, Mario"]
[Result "1-0"]
[WhiteElo "2475"]
[BlackElo "2235"]
[PlyCount "81"]
[EventDate "2007.04.23"]

1. Nf3 Nf6 2. c4 b6 3. g3 Bb7 4. Bg2 e6 5. O-O Be7 6. Nc3 O-O 7. Re1 d5 8. cxd5
exd5 9. d4 Na6 10. Bf4 c5 11. dxc5 Nxc5 12. Be5 Nfe4 13. Rc1 Bf6 14. Bxf6 Qxf6
15. Qd4 Qf5 16. Red1 Rad8 17. Nxe4 Qxe4 18. b4 Ne6 19. Qb2 Rc8 20. e3 Rxc1 21.
Rxc1 Qd3 22. Ne5 Qf5 23. f4 h5 24. Qa3 f6 25. Nf3 a6 26. Nh4 Qg4 27. Bf3 Qh3
28. Bg2 Qg4 29. Bf3 Qh3 30. Qd3 Rd8 31. Bg2 Qg4 32. Bf3 Qh3 33. Qg6 Nf8 34. Qf5
Qxf5 35. Nxf5 g6 36. Rc7 Rd7 37. Rxb7 Rxb7 38. Bxd5+ Ne6 39. Bxb7 gxf5 40. Bxa6
Nc7 41. Bc4+ 1-0

[Event "XIII Torneo Leonardo di Bona Magistrale"]
[Site "Cutro ITA"]
[Date "2007.04.27"]
[Round "5"]
[White "Marholev, Dimitar"]
[Black "Naumkin, Igor"]
[Result "1/2-1/2"]
[WhiteElo "2375"]
[BlackElo "2497"]
[PlyCount "21"]
[EventDate "2007.04.23"]

1. e4 e5 2. Nf3 Nc6 3. Bb5 a6 4. Ba4 Nf6 5. O-O Nxe4 6. d4 b5 7. Bb3 d5 8. dxe5
Be6 9. Be3 Be7 10. c3 Nc5 11. Bc2 1/2-1/2

[Event "XIII Torneo Leonardo di Bona Magistrale"]
[Site "Cutro ITA"]
[Date "2007.04.27"]
[Round "5"]
[White "Roeder, Matthias"]
[Black "Djuric, Stefan"]
[Result "1-0"]
[WhiteElo "2453"]
[BlackElo "2460"]
[PlyCount "140"]
[EventDate "2007.04.23"]

1. Nf3 Nf6 2. c4 g6 3. Nc3 Bg7 4. e4 d6 5. d4 O-O 6. h3 Nbd7 7. Be3 c6 8. Nd2
e5 9. d5 Nh5 10. g3 Nc5 11. b4 Na6 12. a3 c5 13. b5 Nb8 14. Nb3 a6 15. Be2 Nf6
16. g4 Nbd7 17. g5 Ne8 18. h4 f5 19. a4 axb5 20. cxb5 f4 21. Bc1 h6 22. Bg4 h5
23. Be6+ Kh7 24. Nd2 c4 25. Bxd7 Bxd7 26. f3 Qa5 27. Qc2 Rc8 28. Ba3 Rf7 29.
Kf1 Bf8 30. Kg2 Be7 31. Qb2 Bd8 32. Bb4 Qa7 33. a5 Rg7 34. b6 Qa6 35. Rhb1 Rg8
36. Qc1 Be7 37. Qf1 Ng7 38. Qe2 Ne8 39. Rc1 Bd8 40. Ra2 Rg7 41. Qf2 Rf7 42.
Ndb1 Be7 43. Na3 Rg7 44. Rac2 Rg8 45. Ncb1 Nf6 46. gxf6 Bxf6 47. Kh2 g5 48.
hxg5 Rxg5 49. Rg1 Rcg8 50. Rxg5 Rxg5 51. Be1 Rg3 52. Qf1 h4 53. Qxc4 Qa8 54.
Bxg3 fxg3+ 55. Kg2 Qe8 56. Qc7 Be7 57. a6 Kh6 58. axb7 h3+ 59. Kxg3 Bh4+ 60.
Kxh4 Qe7+ 61. Kg3 Qg5+ 62. Kf2 Qg2+ 63. Ke3 Qg1+ 64. Rf2 Qe1+ 65. Re2 Qg1+ 66.
Rf2 Qe1+ 67. Re2 Qg1+ 68. Kd2 Ba4 69. Qxd6+ Kh7 70. Qe7+ Kg6 1-0

[Event "XIII Torneo Leonardo di Bona Magistrale"]
[Site "Cutro ITA"]
[Date "2007.04.27"]
[Round "5"]
[White "Valotta, Massimiliano"]
[Black "Blasco, Domenico"]
[Result "1-0"]
[WhiteElo "1889"]
[BlackElo "1991"]
[PlyCount "105"]
[EventDate "2007.04.23"]

1. e4 Nf6 2. Nc3 d5 3. exd5 Nxd5 4. d4 Nxc3 5. bxc3 g6 6. Bb5+ c6 7. Bc4 Bg7 8.
Ne2 O-O 9. O-O Nd7 10. Bg5 Nf6 11. Ng3 h6 12. Be3 b5 13. Bd3 Bb7 14. Qc1 Kh7
15. c4 a6 16. c3 e5 17. Qc2 Ng4 18. h3 Nxe3 19. fxe3 Qg5 20. Qf2 f5 21. c5 Rad8
22. a3 Bc8 23. Ne2 Be6 24. a4 Bd5 25. axb5 axb5 26. Ra7 Bxg2 27. h4 Qg4 28.
Qxg2 Qxh4 29. Bxf5 Qh5 30. Be6 Rxf1+ 31. Kxf1 Rf8+ 32. Rf7 Ra8 33. Kg1 Ra1+ 34.
Rf1 Ra6 35. Qg4 Qxg4+ 36. Bxg4 h5 37. Bd7 exd4 38. exd4 g5 39. Rf7 Kg6 40. Be8
Ra8 41. Re7+ Kf6 42. Rf7+ Kg6 43. Re7+ Kf6 44. Re3 Ra6 45. Bxh5 Kf5 46. Ng3+
Kf6 47. Ne4+ Ke6 48. Bg4+ Kd5 49. Nd2 Bxd4 50. Bf3+ Kxc5 51. Nb3+ Kc4 52. cxd4
b4 53. Be2+ 1-0

[Event "XIII Torneo Leonardo di Bona Magistrale"]
[Site "Cutro ITA"]
[Date "2007.04.28"]
[Round "6"]
[White "Bentivegna, Francesco"]
[Black "Kasparov, Sergey"]
[Result "0-1"]
[WhiteElo "2287"]
[BlackElo "2536"]
[PlyCount "86"]
[EventDate "2007.04.23"]

1. e4 c6 2. d4 d5 3. f3 e6 4. Nc3 b6 5. Be3 Bb4 6. Nge2 Ba6 7. Qd2 Nf6 8. e5
Nfd7 9. f4 O-O 10. a3 Bxc3 11. Nxc3 Bxf1 12. Rxf1 c5 13. O-O-O Nc6 14. f5 cxd4
15. Bxd4 Nxd4 16. Qxd4 Qg5+ 17. Kb1 Rac8 18. h4 Qxg2 19. Rg1 Qh2 20. fxe6 fxe6
21. Qg4 Rf7 22. Qxe6 Qxe5 23. Qxd5 Qxd5 24. Rxd5 Rc4 25. Rgd1 Nf6 26. Rd8+ Rf8
27. R8d4 Rfc8 28. Rd8+ Rxd8 29. Rxd8+ Kf7 30. Ra8 Rxh4 31. Rxa7+ Kg6 32. Rb7 h5
33. Rxb6 Rh1+ 34. Ka2 h4 35. Rb4 Kh5 36. Ne4 Rf1 37. Rb5+ Kg4 38. Nd2 Rf2 39.
Rb4+ Kh5 40. Rb5+ g5 41. Nb3 h3 42. Rb8 h2 43. Rh8+ Kg4 0-1

[Event "XIII Torneo Leonardo di Bona Magistrale"]
[Site "Cutro ITA"]
[Date "2007.04.28"]
[Round "6"]
[White "Blagojevic, Dragisa"]
[Black "Roeder, Matthias"]
[Result "1-0"]
[WhiteElo "2529"]
[BlackElo "2453"]
[PlyCount "81"]
[EventDate "2007.04.23"]

1. d4 Nf6 2. c4 e6 3. g3 c5 4. d5 exd5 5. cxd5 b5 6. Bg2 d6 7. b4 Nbd7 8. Nc3
Qb6 9. Rb1 a6 10. a4 cxb4 11. Rxb4 Qc5 12. Qd4 a5 13. Qxc5 Nxc5 14. Rxb5 Bd7
15. Rb2 Bxa4 16. Be3 Nfd7 17. Bh3 Be7 18. Nf3 Bf6 19. Nxa4 Nxa4 20. Bxd7+ Kxd7
21. Rb7+ Ke8 22. Kd2 Nc3 23. Bd4 Nxd5 24. Rc1 Bd8 25. Bxg7 Rg8 26. Ba1 Bf6 27.
Nd4 Bxd4 28. Bxd4 a4 29. e4 Ne7 30. Bf6 Nc8 31. Rbc7 Nb6 32. Re7+ Kf8 33. Rcc7
Rg6 34. Rxf7+ Kg8 35. Bd4 Nc4+ 36. Ke2 Ne5 37. Rxh7 Rf8 38. f4 Rf7 39. Rhxf7
Nxf7 40. Ra7 Rh6 41. h4 1-0

[Event "XIII Torneo Leonardo di Bona Magistrale"]
[Site "Cutro ITA"]
[Date "2007.04.28"]
[Round "6"]
[White "Blasco, Domenico"]
[Black "Cordi', Domenico"]
[Result "1/2-1/2"]
[WhiteElo "1991"]
[BlackElo "2084"]
[PlyCount "106"]
[EventDate "2007.04.23"]

1. d4 Nf6 2. Bf4 d6 3. e3 g6 4. Nf3 Bg7 5. Be2 O-O 6. O-O c5 7. c3 cxd4 8. exd4
e6 9. Nbd2 Nh5 10. Bg5 Qc7 11. Ne4 f5 12. Ng3 Nf6 13. Qc1 e5 14. Re1 Nbd7 15.
Bh6 f4 16. Bxg7 Kxg7 17. Nf1 Re8 18. Bb5 e4 19. N3d2 d5 20. c4 dxc4 21. Qxc4
Qxc4 22. Nxc4 a6 23. Bxd7 Bxd7 24. Nd6 Re7 25. g3 fxg3 26. hxg3 Bc6 27. Ne3 Rd7
28. Ndc4 Rxd4 29. Ne5 Rd2 30. Nxc6 bxc6 31. Nc4 Rd4 32. Rac1 Rc8 33. Rc2 c5 34.
Rec1 Nd7 35. Ne3 Rb8 36. b3 Ra8 37. Kg2 a5 38. Rc4 a4 39. Rxd4 cxd4 40. Rc7
dxe3 41. Rxd7+ Kf6 42. fxe3 axb3 43. axb3 Ra2+ 44. Kh3 Re2 45. Rxh7 Rxe3 46.
Rb7 Re2 47. Kg4 Rf2 48. Rb8 Ke5 49. b4 e3 50. b5 e2 51. b6 e1=Q 52. Re8+ Kf6
53. Rxe1 Rb2 1/2-1/2

[Event "XIII Torneo Leonardo di Bona Magistrale"]
[Site "Cutro ITA"]
[Date "2007.04.28"]
[Round "6"]
[White "Djuric, Stefan"]
[Black "Marholev, Dimitar"]
[Result "1-0"]
[WhiteElo "2460"]
[BlackElo "2375"]
[PlyCount "65"]
[EventDate "2007.04.23"]

1. e4 e5 2. Nf3 Nc6 3. Bb5 a6 4. Ba4 Nf6 5. d4 exd4 6. O-O Be7 7. Re1 O-O 8. e5
Nd5 9. Nxd4 Nxd4 10. Qxd4 Nb6 11. Bb3 d5 12. exd6 Qxd6 13. Qe4 Bf6 14. Bf4 Qc5
15. c3 Rb8 16. Nd2 Bd7 17. Qf3 Bc6 18. Ne4 Bxe4 19. Qxe4 Nc8 20. Bc2 g6 21. Qf3
Bg7 22. Bb3 Kh8 23. Rad1 Nd6 24. h4 f5 25. h5 gxh5 26. Qxh5 Rbe8 27. Rxe8 Nxe8
28. Qf3 Nf6 29. Qxb7 Ne4 30. Be3 Qe7 31. Qd5 f4 32. Bd4 f3 33. Re1 1-0

[Event "XIII Torneo Leonardo di Bona Magistrale"]
[Site "Cutro ITA"]
[Date "2007.04.28"]
[Round "6"]
[White "Drasko, Milan"]
[Black "Krivoshey, Sergei"]
[Result "1/2-1/2"]
[WhiteElo "2543"]
[BlackElo "2475"]
[PlyCount "21"]
[EventDate "2007.04.23"]

1. d4 Nf6 2. c4 e6 3. Nc3 Bb4 4. Qc2 d5 5. cxd5 exd5 6. Bg5 c5 7. a3 Bxc3+ 8.
Qxc3 c4 9. g3 Nbd7 10. Bg2 h6 11. Bd2 1/2-1/2

[Event "XIII Torneo Leonardo di Bona Magistrale"]
[Site "Cutro ITA"]
[Date "2007.04.28"]
[Round "6"]
[White "Ferro, Mario"]
[Black "Van Hoolandt, Patrick"]
[Result "1-0"]
[WhiteElo "2235"]
[BlackElo "2205"]
[PlyCount "77"]
[EventDate "2007.04.23"]

1. Nf3 Nf6 2. c4 e6 3. Nc3 Bb4 4. g4 h6 5. Rg1 d6 6. d4 Nbd7 7. Qc2 c6 8. g5
hxg5 9. Bxg5 e5 10. O-O-O Bxc3 11. Qxc3 Qe7 12. h4 Ne4 13. Bxe7 Nxc3 14. bxc3
Kxe7 15. Rxg7 Kf8 16. Rg3 e4 17. Ng5 d5 18. f3 e3 19. cxd5 cxd5 20. Rd3 Rxh4
21. Rh3 Rxh3 22. Bxh3 Nb6 23. Rxe3 Nc4 24. Rd3 f6 25. Ne6+ Bxe6 26. Bxe6 Rd8
27. e4 Nb6 28. Rd2 Ke7 29. Bf5 Nc4 30. Rh2 Nd6 31. Rh7+ Kf8 32. Bg6 dxe4 33.
fxe4 b5 34. e5 fxe5 35. dxe5 Nc4 36. e6 Kg8 37. Rd7 Rc8 38. e7 Ne5 39. Rd8+ 1-0

[Event "XIII Torneo Leonardo di Bona Magistrale"]
[Site "Cutro ITA"]
[Date "2007.04.28"]
[Round "6"]
[White "Naumkin, Igor"]
[Black "Scerbo, Antonio"]
[Result "1-0"]
[WhiteElo "2497"]
[BlackElo "2117"]
[PlyCount "71"]
[EventDate "2007.04.23"]

1. d4 Nf6 2. c4 c5 3. d5 b5 4. cxb5 a6 5. bxa6 Bxa6 6. Nc3 d6 7. Nf3 g6 8. Nd2
Bg7 9. e4 Bxf1 10. Nxf1 Qa5 11. Nd2 O-O 12. O-O Nbd7 13. Nc4 Qb4 14. Qe2 Rfb8
15. Bd2 Nb6 16. Nxb6 Qxb6 17. Rab1 Nd7 18. a3 Qb3 19. h3 Ne5 20. Bg5 Rb7 21. f4
Nc4 22. e5 h6 23. Bh4 Rab8 24. Rf3 dxe5 25. f5 e4 26. Nxe4 Qa2 27. Rc1 Ne5 28.
Rf2 Rxb2 29. Qd1 c4 30. fxg6 fxg6 31. d6 exd6 32. Qxd6 Nd3 33. Qxg6 Nxf2 34.
Nf6+ Kf8 35. Nd7+ Kg8 36. Bf6 1-0